Changsha City Quiz - Statistics

General Stats
  • This quiz has been taken 8 times
    7 since last reset
  • The average score is 13 of 20
Answer Stats
Hint Answer % Correct
Province in which Changsha is located Hunan
100%
Province that Changsha borders Jiangxi
100%
Essayist and politician of the Han Dynasty who lived in Changsha Jia Yi
100%
Statue of this leader’s head on the tip of the above islet Mao Zedong
100%
Long, narrow islet in the middle of the above river Orange Isle
100%
River that flows through Changsha Xiang River
100%
Academy at the foot of this mountain Yuelu Academy
100%
Tallest mountain in Changsha Yuelu Mountain
100%
Pavilion at the foot of this mountain, known for its autumn scenery Aiwan Pavilion
80%
Popular brand of milk-tea founded in Changsha Cha Yan Yue Se
80%
Famous dish of Changsha (hint: a type of tofu) Stinky Tofu
80%
Pavilion located by a river that honors this great poet Du Fu
60%
Politician of the Republic of China, buried on this mountain Huang Xing
60%
General of the Republic of China, buried on this mountain Cai E
40%
Archeological tomb displayed in the Provincial Museum Mawangdui
40%
Pavilion on the last remnant of Changsha’s ancient city wall Tianxin Pavilion
40%
Theme park located in eastern Changsha Window of the World
40%
Self-proclaimed largest building in the world Wanjiali Square
20%
Whose former residence is located on this street Taiping Street
0%
Archaeological site of pottery and ceramics north of Changsha Tongguanyao
0%
No matching quizzes found
Score Distribution
Percent of People with Each Score
Percentile by Number Answered
Your Score History
You have not taken this quiz since the last reset